2,4-d hormesis effect on soybean (Registro n. 9073)
[ somente texto ]
| 000 -LÍDER | |
|---|---|
| fixed length control field | 04167nab a2200313 i 4500 |
| 003 - CÓDIGO MARC DA AGÊNCIA CATALOGADORA | |
| Campo de controle | BR-BrBNA |
| 005 - DATA E HORA DA ÚLTIMA ATUALIZAÇÃO | |
| Campo de controle | 20230908074032.0 |
| 008 - CAMPO DE TAMANHO FIXO | |
| fixed length control field | 230509b2019 bl.ar|pooa||| 00| 0 eng | |
| 040 ## - FONTE DA CATALOGAÇÃO | |
| Agência catalogadora | BR-BrBNA |
| Idioma da catalogação | eng |
| 072 ## - CATEGORIA AGRIS | |
| Código AGRIS | H60 |
| Código do objeto | 0336 |
| 100 ## - ENTRADA PRINCIPAL - NOME PESSOAL | |
| Nome pessoal | Silva, J.R.O. |
| 100 ## - ENTRADA PRINCIPAL - NOME PESSOAL | |
| Nome pessoal | Marques, J.N.R. |
| 100 ## - ENTRADA PRINCIPAL - NOME PESSOAL | |
| Nome pessoal | Godoy, C.V.C. |
| 100 ## - ENTRADA PRINCIPAL - NOME PESSOAL | |
| Nome pessoal | Batista, L.B. |
| 100 ## - ENTRADA PRINCIPAL - NOME PESSOAL | |
| Nome pessoal | Silva, A.A. |
| 100 ## - ENTRADA PRINCIPAL - NOME PESSOAL | |
| Nome pessoal | Ronchi, C.P. |
| 245 ## - TÍTULO PRINCIPAL | |
| Título principal | 2,4-d hormesis effect on soybean |
| 500 ## - NOTA GERAL | |
| Nota geral | Publicação on-line; 35 ref.; 3 tables; 3 illus.; Summaries (En, Pt) |
| 942 ## - ADDED ENTRY ELEMENTS (KOHA) | |
| Koha item type | |
| 520 ## - NOTA DE RESUMO | |
| Nota de conteúdo | <br/><br/>ABSTRACT - The hormesis effect of 2,4-D, applied at two stages of soybean<br/>development, on the physiological components of crop yield, was investigated.<br/>Soybean seeds of the cultivar ‘AG 3680 IPRO’ were sown in pots containing 7 L of a<br/>substrate and kept in a greenhouse. A randomized complete block design with four<br/>replicates was used. Eighteen treatments were tested, arranged in a split-plot scheme.<br/>The plots consisted of two stages of herbicide application (V4 and V6), and the<br/>split-plots were arranged by nine 2,4-D doses (0, 5, 10, 15, 20, 25, 30, 40, and 50 g ha-1).<br/>At the time of harvest, 100 days after sowing, significant interactions between crop<br/>development stages and 2,4-D doses were observed for the number of nodes in the<br/>main stem (NNMS) and the number of pods per plant (NPP). Both NNMS and NPP<br/>were not affected by 2,4-D during V6, but they increased with doses up to 20.2 g ha-1<br/>and 22.5 g ha-1, respectively, during V4 and declined at higher doses according to a<br/>quadratic model, thus characterizing hermetic effect. Regardless of the application<br/>stage, the number of grains per plant and weight of a thousand grains were reduced<br/>as doses increased. However, the grain number and grain mass per plant reached<br/>maximum values for doses of 20.3 g ha-1 and 12.9 g ha-1, respectively. It was concluded<br/>that 2,4-D causes hormesis effects on the soybean crop ‘AG 3680 IPRO’ pot-grown<br/>in greenhouse conditions, regardless of the application stages herein tested.<br/><br/>Keywords: Glycine max, auxin, herbicide. |
| 520 ## - NOTA DE RESUMO | |
| Nota de conteúdo | <br/><br/>RESUMO - Investigou-se o efeito hormético do 2,4-D, aplicado na soja em dois<br/>estádios de desenvolvimento, sobre os componentes fisiológicos de produtividade<br/>da cultura. Sementes de soja da variedade ‘AG 3680 IPRO’ foram semeadas em<br/>vasos contendo 7 L de substrato, mantidos em casas de vegetação. Foram avaliados<br/>18 tratamentos no delineamento em blocos casualizados, com quatro repetições,<br/>dispostos em esquema de parcelas subdivididas. As parcelas foram constituídas<br/>por dois estádios de desenvolvimento (V4 e V6), e as subparcelas, por nove doses<br/>de 2,4-D (0, 5, 10, 15, 20, 25, 30, 40 e 50 g ha-1). Na colheita, aos 100 dias após a<br/>semeadura, verificou-se interação significativa entre estádio e dose de 2,4-D para<br/>o número de nós na haste principal (NNHP) e para o número de vagens por planta<br/>(NDV). O NNHP e o NDV não foram afetados pelo 2,4-D em V6, mas em V4 eles<br/>aumentaram até as doses de 20,2 g ha-1 e 22,5 g ha-1, respectivamente, segundo<br/>modelo quadrático, declinando em doses maiores, conferindo o efeito hormético.<br/>Independentemente do estádio de aplicação, o número de grãos por vagem e o<br/>peso de mil grãos reduziram-se com o aumento da dose. Todavia, o número de<br/>grãos e a massa de grãos por planta atingiram valores máximos para as doses de<br/>20,3 g ha-1 e 12,9 g ha-1, respectivamente. Concluiu-se que o 2,4-D promove hormese<br/>na cultura da soja ‘AG 3680 IPRO’, cultivada em vasos em casa de vegetação,<br/>independentemente dos estádios de aplicação testados.<br/><br/>Palavras-chave: Glycine max, auxina, herbicida. |
| 650 ## - ASSUNTO - THESAGRO | |
| Cabeçalho tópico ou nome geográfico | HERBICIDA |
| 650 ## - ASSUNTO - THESAGRO | |
| Cabeçalho tópico ou nome geográfico | GLYCINE MAX |
| 650 ## - ASSUNTO - THESAGRO | |
| Cabeçalho tópico ou nome geográfico | SOJA |
| 650 ## - ASSUNTO - THESAGRO | |
| Cabeçalho tópico ou nome geográfico | AUXINA |
| 773 0# - ENTRADA ANALÍTICA | |
| Host Biblionumber | 886 |
| Registro do item | 1816 |
| Imprenta | Londrina-PR : Sociedade Brasileira da Ciência das Plantas Daninhas, 1978 |
| Outro identificador | 2023-031023 |
| Título | Planta Daninha (Brazil) |
| ISSN | 0100-8358; 1806-9681 (on-line) |
| Colação | v. 37 p. 1-10; (2019) |
| Número de controle de registro | BR2023000355 |
| 856 ## - ACESSO E ENDEREÇO ELETRÔNICO | |
| Identificador uniforme de recurso - URI | https://www.scielo.br/j/pd/a/rWwdMSx5S6BJ5vV7wmnr99m/?format=pdf&lang=en |
Nenhum exemplar disponível.

BINAGRI